书目信息 |
| 题名: |
日语基础语法一本通
|
|
| 作者: | 赵圣花 主编 | |
| 分册: | ||
| 出版信息: | 大连 大连理工大学出版社 2009.09 |
|
| 页数: | 270页 | |
| 开本: | 23cm | |
| 丛书名: | ||
| 单 册: | ||
| 中图分类: | H364-42 | |
| 科图分类: | ||
| 主题词: | 日语--ri yu--语法--自学参考资料 | |
| 电子资源: | ||
| ISBN: | 978-7-5611-5022-1 | |
| 000 | 00867nam0 2200253 450 | |
| 001 | CAL 012009144708 | |
| 005 | 20110829153516.54 | |
| 010 | @a978-7-5611-5022-1@dCNY30.00 | |
| 100 | @a20091021d2009 em y0chiy0121 ea | |
| 101 | 0 | @achi@ajpn |
| 102 | @aCN@b210000 | |
| 105 | @aa a 000yy | |
| 106 | @ar | |
| 200 | 1 | @a日语基础语法一本通@Ari yu ji chu yu fa yi ben tong@f主编赵圣花 |
| 210 | @a大连@c大连理工大学出版社@d2009.09 | |
| 215 | @a270页@c图@d23cm | |
| 320 | @a有书目 | |
| 330 | @a本书汇集了初级·中级阶段的语法难点项目。全书由31课构成。每课设有导入、语法解释、接续法、注意事项、学习目标。练习题形式多样,如选择题、填空题、完成会话、仿造例句、完成句子、回答问题等。 | |
| 586 | @a | |
| 606 | 0 | @a日语@Ari yu@x语法@j自学参考资料 |
| 690 | @aH364-42@v5 | |
| 701 | 0 | @a赵圣花@Azhao sheng hua@4主编 |
| 801 | 0 | @aCN@c20110610 |
| 905 | @dH364-42@eZ320@f3 | |
| 日语基础语法一本通/主编赵圣花.-大连:大连理工大学出版社,2009.09 |
| 270页:图;23cm |
| ISBN 978-7-5611-5022-1:CNY30.00 |
| 本书汇集了初级·中级阶段的语法难点项目。全书由31课构成。每课设有导入、语法解释、接续法、注意事项、学习目标。练习题形式多样,如选择题、填空题、完成会话、仿造例句、完成句子、回答问题等。 |
| ● |
| 相关链接 |
|
|
|
正题名:日语基础语法一本通
索取号:H364-42/Z320
 
预约/预借
| 序号 | 登录号 | 条形码 | 馆藏地/架位号 | 状态 | 备注 |
| 1 | 888593 | 208885937 | 语言库209/209语言库 129排1列4层/ [索取号:H364-42/Z320] | 在馆 | |
| 2 | 888594 | 208885946 | 语言库209/209语言库 129排1列4层/ [索取号:H364-42/Z320] | 在馆 | |
| 3 | 888595 | 208885955 | 语言库209/209语言库 129排1列4层/ [索取号:H364-42/Z320] | 在馆 |